La antigüedad tiranizada. Libertad, imperio y civilización en la historiografía occidental sobre el mundo clásico.

Guardat en:
Dades bibliogràfiques
Autor principal: Moreno Leoni, Álvaro M. (autor)
Altres autors: Moreno, Agustín (Editor), Paiaro, Diego (Editor)
Format: Desconegut
Publicat: Barcelona, España; Buenos Aires, Argentina: PEFSCEA; Miño y Dávila, 2022.
Edició:Primera edición.
Col·lecció:Estudios del Mediterráneo Antiguo. PEFSCEA;
Matèries:
Etiquetes: Afegir etiqueta
Sense etiquetes, Sigues el primer a etiquetar aquest registre!

MARC

LEADER 00000 a2200000 4500
003 CL-VaPUC
005 20240409101352.0
008 240318t2022 ||||| |||| 00| 0 eng d
999 |c 443154  |d 443152 
020 |a 978-84-18929-44-1 
040 |c Pontificia Universidad Católica de Valparaíso 
082 7 |2 22  |a 907.2 MOR 2022 
100 |a Moreno Leoni, Álvaro M.  |9 596674  |e autor 
245 1 3 |a La antigüedad tiranizada.   |b Libertad, imperio y civilización en la historiografía occidental sobre el mundo clásico.  
250 |a Primera edición.  
260 |a Barcelona, España;   |a Buenos Aires, Argentina:   |b PEFSCEA;  |b Miño y Dávila,   |c 2022. 
300 |a 336 páginas. 
490 |a Estudios del Mediterráneo Antiguo.  |a PEFSCEA;   |n  25.  
583 |k GC  |c 20240318 
650 0 |9 333555  |a Civilización clásica  |v Historiografía  |y Siglos 19-20 
700 |a Moreno, Agustín   |e editor  |9 887793 
700 |a Paiaro, Diego  |e editor  |9 887794 
942 |2 ddc  |c BK 
952 |0 0  |1 0  |2 ddc  |4 0  |6 907_200000000000000_MOR_2022  |7 0  |8 A  |9 593588  |a BIBHIS  |b BIBHIS  |d 2024-03-11  |e 3  |g 26557.00  |i 5660331  |o 907.2 MOR 2022  |p 5660331  |r 2024-03-11  |t 1  |v 26557.00  |w 2024-03-11  |y BK  |k HIS